Plan Graphics (Record no. 920798)

MARC details
000 -LEADER
fixed length control field 00263nam a2200109Ia 4500
008 - FIXED-LENGTH DATA ELEMENTS--GENERAL INFORMATION
fixed length control field 231107s1990 xx 000 0 und d
041 ## - LANGUAGE CODE
Language code of text/sound track or separate title eng
082 ## - DEWEY DECIMAL CLASSIFICATION NUMBER
Classification number 720.284
100 ## - MAIN ENTRY--PERSONAL NAME
Personal name Walker,Theodore
245 ## - TITLE STATEMENT
Title Plan Graphics
260 ## - PUBLICATION, DISTRIBUTION, ETC.
Place of publication, distribution, etc. Canada
Name of publisher, distributor, etc. Delmar Publisher
Date of publication, distribution, etc. 1990
Holdings
Withdrawn status Lost status Damaged status Not for loan Home library Current library Date acquired Cost, normal purchase price Total Checkouts Full call number Barcode Date last seen Price effective from Koha item type
        College of Architecture, Navi Mumbai College of Architecture, Navi Mumbai 07/11/2023 965.00   720.284 ARM-A-172 07/11/2023 07/11/2023 Book